Score 0/38 Timer 07:00
1 Play Today
Fact Answer % Correct
Flag ColorRed
97.4%
Flag ColorWhite
96.9%
Flag ColorBlue
96.6%
Capital CityHavana
95.9%
Largest CityHavana
95.9%
Internet Code.cu
94.4%
Official LanguageSpanish
91.8%
Largest IslandCuba
88.8%
Leader from 1961-2011Fidel Castro
86.8%
Independence FromUnited States
85.2%
Drives on the...Right
85%
Age of Suffrage16
82.7%
Largest Religious DenominationRoman Catholic
81.8%
Nationality (Demonym)Cuban
80.1%
CurrencyConvertible Peso
79.9%
CurrencyCuban Peso
79.2%
Primary ContinentNorth America
79.1%
Total Population (Millions)11.48
77.4%
Official NameRepublic of Cuba
70.5%
Fact Answer % Correct
Most Popular SportBaseball
69.9%
Number of Provinces15
69.3%
Number of UNESCO World Heritage Sites9
67.8%
Government TypeSocialist Republic
64.2%
PresidentMiguel Díaz-Canel
57.5%
Largest ExportRaw Sugar
39.4%
Lowest Point (0 m)Caribbean Sea
29.8%
Second Largest CitySantiago de Cuba
27.2%
Official MottoHomeland or Death, we shall overcome!
15.1%
Third Largest CityCamagüey
15.1%
Special MunicipalityIsla de la Juventud
14.8%
Second Largest IslandIsla de la Juventud
14.8%
National AnthemThe Bayamo Song
14.2%
Independence DayMay 20, 1902
13.5%
Largest ImportPoultry Meat
7.9%
Highest Point (1,974 m)Pico Turquino
7.8%
Largest RiverThe River Cauto
6.3%
Largest Freshwater LakeLaguna de Leche
5.7%
Patron Saint (Female)Our Lady of Charity of El Cobre
5.7%
Remove Ads.
Support Sporcle.
Get the best of Sporcle when you Go Orange. This ad-free experience offers more features, more stats, and more fun while also helping to support Sporcle. Thank you for becoming a member.

You're not logged in!

Compare scores with friends on all Sporcle quizzes.
OR
Log In

Sporcle TV

Today on Sporcle TV


Watch our educational content, quiz creation guides, and fun videos on Sporcle TV.

Show Comments

Extras

Top Quizzes Today


Score Distribution

Paid Content

Your Account Isn't Verified!

In order to create a playlist on Sporcle, you need to verify the email address you used during registration. Go to your Sporcle Settings to finish the process.

Report this User

Report this user for behavior that violates our Community Guidelines.

Details: